000 00864nam a2200217Ia 4500
999 _c35179
_d35179
001 1024
003 GE_BSU
005 20230602113111.0
008 181216s2001||||ru |||||||||||||| ||rus||
020 _a5756701362
040 _cGE_BSU
080 _a327(470)(075.8) П-83
100 _aПротопопов, А. С.
_918420
245 _aИстория международных отношений и внешней политики России 1648-2000
_bУч-к для студ. высш. учебн. завед.
_cА.С. Протопопов; Под ред. А.С.Протопопова.
264 _aМосква :
_bАспект-Пресс,
_c2001.
300 _a344 стр.;
_b25 см.
653 _aПолитика
653 _aპოლიტიკა
700 _aПротопопов, А. С.
_eრედქტორი
_918420
942 _cBK
_2udc